Online
Catalog

La razón de mi vida / (Record no. 4802)

MARC details
000 -CABECERA
campo de control de longitud fija 00655cam a2200193 a 4500
001 - NÚMERO DE CONTROL
campo de control 000004996
005 - FECHA Y HORA DE LA ÚLTIMA TRANSACCIÓN
campo de control 20200929151544.0
008 - DATOS DE LONGITUD FIJA--INFORMACIÓN GENERAL
campo de control de longitud fija 740115s1951 xx a 001 p spa
040 ## - FUENTE DE LA CATALOGACIÓN
Centro catalogador/agencia de origen DO-SdBNP
Lengua de catalogación spa
Centro/agencia transcriptor BNPHU
082 ## - NÚMERO DE LA CLASIFICACIÓN DECIMAL DEWEY
Número de clasificación A861.6
Número de documento/Ítem P453r
100 1# - ENTRADA PRINCIPAL--NOMBRE DE PERSONA
Nombre de persona Perón, Eva
Forma completa/desarrollada del nombre (María Eva Duarte de Perón),
Fechas asociadas al nombre 1919-1952
9 (RLIN) 14415
245 13 - MENCIÓN DE TÍTULO
Título La razón de mi vida /
Mención de responsabilidad, etc. Eva Perón.
260 ## - PUBLICACIÓN, DISTRIBUCIÓN, ETC.
Lugar de publicación, distribución, etc. [Buenos Aires, Argentina] :
Nombre del editor, distribuidor, etc. [Peuser],
Fecha de publicación, distribución, etc. [1951].
300 ## - DESCRIPCIÓN FÍSICA
Extensión 316, [317] p. :
Otras características físicas il. ;
Dimensiones 21 cm.
600 10 - PUNTO DE ACCESO ADICIONAL DE MATERIA--NOMBRE DE PERSONA
Nombre de persona PERÓN, JUAN DOMINGO,
Fechas asociadas al nombre 1895-1974.
9 (RLIN) 14416
650 #4 - PUNTO DE ACCESO ADICIONAL DE MATERIA--TÉRMINO DE MATERIA
Término de materia o nombre geográfico como elemento de entrada Poesía argentina
9 (RLIN) 3859
650 #4 - PUNTO DE ACCESO ADICIONAL DE MATERIA--TÉRMINO DE MATERIA
Término de materia o nombre geográfico como elemento de entrada Literatura argentina
9 (RLIN) 3860
650 #4 - PUNTO DE ACCESO ADICIONAL DE MATERIA--TÉRMINO DE MATERIA
Término de materia o nombre geográfico como elemento de entrada Literatura latinoaméricana
9 (RLIN) 4717
Holdings
Estado de retiro Estado de pérdida Restricciones de uso No para préstamo Código de colección Localización permanente Ubicación/localización actual Ubicación en estantería Fecha de adquisición Número de inventario Total de préstamos Signatura topográfica completa Código de barras Fecha visto por última vez Precio válido a partir de Tipo de ítem Koha
    Préstamo interno   Monografías: Libros y Folletos General General En catalogación 28.07.2009 LF1   A861.6 P453r 4996-10 25.06.2020 25.06.2020 Préstamo interno

Powered by Koha